| 000 | 01144nam a2200253 a 4500 | ||
|---|---|---|---|
| 001 | 71125 | ||
| 003 | BD-RjUL | ||
| 005 | 20211209082059.0 | ||
| 008 | 170426s1964 bg ||||| |||| 00| 0 ben d | ||
| 020 | _c: TK. 2.50 | ||
| 035 | _a(BD-RjUL)71340 | ||
| 040 |
_aBD-RjUL _bben _cBD-RjUL _dBD-RjUL |
||
| 041 | _aben | ||
| 082 |
_223 _a351 _bAPG 1964 |
||
| 100 |
_aএ্যাপেলবী, পল এইচ. _9211821 |
||
| 245 | 1 | 0 |
_aগণকল্যাণ রাষ্ট্র ও জনশাসন / _cপল এইচ. এ্যাপেলবী ; অনুবাদ, এ. টি. এম. শামসুদ্দীন |
| 246 | _aPublic administration for a welfare state / Paul H. Appleby | ||
| 260 |
_aঢাকা : _bন্যাশনাল ইন্সটিটিউট অব পাবলিক এডমিনিষ্ট্রেশন, _c১৯৬৪. |
||
| 300 |
_a৬৬ পৃ. ; _c২৪ সেমি. |
||
| 650 |
_aলোক প্রশাসন _9210436 |
||
| 650 |
_aPublic administration _9210437 |
||
| 700 |
_aশামসুদ্দীন, এ. টি. এম. ,অনুবাদক _9210438 |
||
| 942 |
_2ddc _cBK |
||
| 999 |
_c71125 _d71125 |
||